书目信息 |
| 题名: |
科技文献检索与利用
|
|
| 作者: | 王立诚 主编 | |
| 分册: | ||
| 出版信息: | 2001.06 |
|
| 页数: | 352页 | |
| 开本: | 32开 | |
| 丛书名: | ||
| 单 册: | ||
| 中图分类: | G257.36 | |
| 科图分类: | ||
| 主题词: | 图书馆学 , 图书馆事业 | |
| 电子资源: | ||
| ISBN: | 7-81050-362-6 | |
| 000 | 00543nam0 2200193 45 | |
| 001 | 0010111021 | |
| 005 | 20050414093745.51 | |
| 010 | @a7-81050-362-6@dCNY 18.00 | |
| 100 | @a20001011d2001 km y0chiy0120 ea | |
| 101 | 0 | @achi |
| 200 | 1 | @a科技文献检索与利用@AKe Ji Wen Xian Jian Suo Yu Li Yong@f王立诚主编@FWang Li Cheng Zhu Bian |
| 210 | @d2001.06 | |
| 215 | @a352页@d32开 | |
| 606 | 0 | @a图书馆学 |
| 606 | 0 | @a图书馆事业 |
| 690 | @aG257.36@v3 | |
| 701 | 0 | @a王立诚@4主编 |
| 801 | @aCN@bPftUser@c20050414 | |
| 905 | @b175132-133@dG257.36@eW115@f2 | |
| 科技文献检索与利用/王立诚主编.-2001.06 |
| 352页;32开 |
| ISBN 7-81050-362-6:CNY 18.00 |
| ● |
| 相关链接 |
|
|
|
正题名:科技文献检索与利用
索取号:G257.36/W115
 
预约/预借
| 序号 | 登录号 | 条形码 | 馆藏地/架位号 | 状态 | 备注 |
| 1 | 175132 | 201751327 | 社科二线422/409社科库 119排2列2层/ [索取号:G257.36/W115] | 在馆 | |
| 2 | 175133 | 201751336 | 社科二线422/409社科库 119排2列2层/ [索取号:G257.36/W115] | 在馆 | |
| 3 | 441058 | 204410583 | 社科库409/409社科库 60排1列1层/ [索取号:G257.36/W115] | 在馆 | |
| 4 | 441059 | 204410592 | 社科库409/409社科库 60排1列1层/ [索取号:G257.36/W115] | 在馆 |